Famous Canadian Landmarks and Points of Interest Quiz Stats

 Plays Quiz not verified by Sporcle

Score 0/23 Timer 10:00
0 Plays Today
% Correct
CN Tower
98.7%
Niagara Falls
81.3%
Banff National Park
57.3%
Quebec City
56%
West Edmonton Mall
56%
Confederation Bridge
53.3%
Canada's Wonderland
50.7%
Parliament Hill
48%
Calgary Stampede
48%
Hockey Hall of Fame
46.7%
Notre Dame Basilica
42.7%
Royal Ontario Museum
41.3%
% Correct
Chateau Frontenac
36%
Peggy's Cove
29.3%
Rideau Canada
22.7%
Signal Hill
21.3%
Bay of Fundy
18.7%
Georgian Bay
18.7%
Canadian War Museum
16%
Algonquin Provincial Park
16%
Gros Morne
16%
Athabasca Falls
12%
National Gallery of Canada
5.3%

You're not logged in!

Compare scores with friends on all Sporcle quizzes.
OR
Log In

Sporcle TV

Today on Sporcle TV


Watch our educational content, quiz creation guides, and fun videos on Sporcle TV.

Show Comments

Extras

Created Jul 28, 2016ReportNominate
Tags:Canada Quiz, Canadian, landmark

Top Quizzes Today


Score Distribution

Your Account Isn't Verified!

In order to create a playlist on Sporcle, you need to verify the email address you used during registration. Go to your Sporcle Settings to finish the process.

Report this User

Report this user for behavior that violates our Community Guidelines.

Details: